000 00789nam a2200277Ia 4500
003 OSt
005 20221006153247.0
006 a|||||r|||| 00| 0
007 ta
008 221006b |||||||| |||| 00| 0 kor d
020 _a9788932461274
_cW 12,000
024 _a31,802
037 _bGift, Korean Embassy
_cTextual
040 _aEASL
_cEASL
_bkor
041 _2kor
_akor
082 _aFw495,N1, P4
100 _aGOO Bon-Hyeong Au.
_9663182
245 0 _aGu Bonhyung Ilsangui Hwanghol
260 _aSeoul
_bEulyoo Munhwasa Korea
_c2004
300 _a272p.
_ccm.
490 _v KL
650 _a KL
650 _aBiography of Goo Bon Hyeong
_9663183
942 _hFw495,N1, P4
_cTEXL
_2CC
999 _c1099888
_d1099888